000 00527nam a22001817a 4500
005 20240725162239.0
010 _aENG-140958
020 _c695.00
035 _aEN-124310
037 _bDBAD
082 _a142.00
100 _aRALPHH. HENDERSON
_968923
245 _aImmunising the children of the world /
_cHenderson . H Ralph
260 _aGurgaon
_bOrient Blackswan
_c2016
270 _bGurgaon
_a1/24 Asaf Ali Road new delhi
_e110002
300 _a106p.
_c22cm(hb)
942 _2ddc
_cEN
_h614.47083
_mHen
999 _c204457
_d204457